Influence of energy on the phase composition of the ultra-dispersed product of the molybdenum–carbon system obtained by the vacuumless arc discharge method; High Temperature Material Processes: An International Quarterly of High-Technology Plasma Processes; Vol. 24, iss. 1

Bibliographic Details
Parent link:High Temperature Material Processes: An International Quarterly of High-Technology Plasma Processes
Vol. 24, iss. 1.— 2020.— [P. 61-64]
Main Author: Pak A. Ya. Aleksandr Yakovlevich
Corporate Author: Национальный исследовательский Томский политехнический университет Инженерная школа энергетики Научно-исследовательский центр "Экоэнергетика 4.0"
Other Authors: Kononenko P. N. Polina Nikanorovna
Summary:Title screen
Molybdenum carbides can be used in one of the most perspective sectors?hydrogen energy. Materials based on molybdenum carbide have high catalytic activity, which allows them to be used as effective inexpensive catalysts in hydrogen generation reactions, associated with the generation and oxidation of hydrogen. One of the main approaches to the obtaining of molybdenum carbides is the electric arc method based on the synthesis of material in DC arc plasma initiated in the gap between graphite electrodes. This article presents the results of a series of experiments on the production of molybdenum carbides, using a vacuumless arc discharge method, and on the influence of energy on the phase composition of the synthesis product.
Режим доступа: по договору с организацией-держателем ресурса
Language:English
Published: 2020
Subjects:
Online Access:https://doi.org/10.1615/HighTempMatProc.2020033600
Format: Electronic Book Chapter
KOHA link:https://koha.lib.tpu.ru/cgi-bin/koha/opac-detail.pl?biblionumber=662658

MARC

LEADER 00000naa0a2200000 4500
001 662658
005 20250410104305.0
035 |a (RuTPU)RU\TPU\network\33813 
035 |a RU\TPU\network\28195 
090 |a 662658 
100 |a 20200921d2020 k||y0rusy50 ba 
101 0 |a eng 
102 |a US 
135 |a drcn ---uucaa 
181 0 |a i  
182 0 |a b 
200 1 |a Influence of energy on the phase composition of the ultra-dispersed product of the molybdenum–carbon system obtained by the vacuumless arc discharge method  |f A. Ya. Pak, P. N. Kononenko 
203 |a Text  |c electronic 
300 |a Title screen 
330 |a Molybdenum carbides can be used in one of the most perspective sectors?hydrogen energy. Materials based on molybdenum carbide have high catalytic activity, which allows them to be used as effective inexpensive catalysts in hydrogen generation reactions, associated with the generation and oxidation of hydrogen. One of the main approaches to the obtaining of molybdenum carbides is the electric arc method based on the synthesis of material in DC arc plasma initiated in the gap between graphite electrodes. This article presents the results of a series of experiments on the production of molybdenum carbides, using a vacuumless arc discharge method, and on the influence of energy on the phase composition of the synthesis product. 
333 |a Режим доступа: по договору с организацией-держателем ресурса 
461 |t High Temperature Material Processes: An International Quarterly of High-Technology Plasma Processes 
463 |t Vol. 24, iss. 1  |v [P. 61-64]  |d 2020 
610 1 |a электронный ресурс 
610 1 |a труды учёных ТПУ 
610 1 |a molybdenum carbide 
610 1 |a vacuumless method 
610 1 |a arc energy 
610 1 |a synthesis 
610 1 |a карбид молибдена 
700 1 |a Pak  |b A. Ya.  |c specialist in the field of electrical engineering  |c Professor of Tomsk Polytechnic University, Doctor of Technical Sciences  |f 1986-  |g Aleksandr Yakovlevich  |3 (RuTPU)RU\TPU\pers\34120  |9 17660 
701 1 |a Kononenko  |b P. N.  |g Polina Nikanorovna 
712 0 2 |a Национальный исследовательский Томский политехнический университет  |b Инженерная школа энергетики  |b Научно-исследовательский центр "Экоэнергетика 4.0"  |3 (RuTPU)RU\TPU\col\27583  |9 28753 
801 2 |a RU  |b 63413507  |c 20200921  |g RCR 
856 4 |u https://doi.org/10.1615/HighTempMatProc.2020033600 
942 |c CF